[Event "WSTCC-65 2020"]
[Site "Prague"]
[Date "2020.03.07"]
[Round "2.7"]
[White "Shevelev, Arkady"]
[Black "Rovira Mas, Jorge"]
[Result "1-0"]
[WhiteElo "2278"]
[BlackElo "2196"]
[Annotator "TA"]
[PlyCount "47"]
[EventDate "2020.03.06"]
[EventType "team-tourn"]
[EventCountry "CZE"]
[SourceTitle "playchess.com"]
[Source "ChessBase"]
[SourceQuality "1"]

{[%evp 9,47,36,40,38,41,34,71,64,131,75,82,77,84,79,82,74,86,72,80,70,148,140,179,177,177,161,131,122,355,368,389,386,422,437,533,545,543,513,525,500]} 1. e4 d6 2. d4 g6 3. h3 {[#]} a6 $146 ({Predecessor:} 3... Bg7 4. Nf3 Nf6 5. Bd3 O-O 6. O-O Nc6 7. c3 e5 8. Re1 a5 9. a4 Re8 10. d5 Ne7 11. c4 Nd7 12. Nfd2 f5 13. Nc3 Nc5 14. Bc2 Rf8 15. Nb3 Nxb3 16. Bxb3 {0-1 (28) Borisenko,V (2289)-Saric,I (2695) St Petersburg 2018}) 4. a4 b6 5. Nf3 Bg7 6. Bd3 {B06: Modern Defence.} Nd7 7. O-O c5 8. c3 {White is better.} e6 ({Black should try} 8... Bb7 $14) 9. Bg5 (9. Na3 $142) 9... Qc7 $16 10. Nbd2 {[%cal Bb1d2,Bd2c4,Bc4d6][%mdl 32]} Ngf6 11. Bf4 e5 12. dxe5 dxe5 13. Bh2 O-O 14. Nc4 $36 {[%cal Rc4e5][%mdl 2048] White is more active.} Nh5 (14... Ne8 $14) 15. Bc2 Bb7 16. Qd6 Qxd6 17. Nxd6 Bc6 18. Bb3 {Black must now prevent Nxf7.} Nhf6 $2 {[#] This move loses the game for Black.} (18... Bf6 $16 {was necessary.} 19. Rfd1 Ra7) 19. Ng5 $18 ({Weaker is} 19. Nxe5 Nxe5 20. Bxe5 Nxe4 $11) 19... h6 20. Bxf7+ Kh8 21. Ne6 {White is clearly winning.} Rfb8 22. Bxg6 Ra7 23. Nf7+ Kg8 24. Nxe5 {Accuracy: White = 93%, Black = 53%.} 1-0

[Event "WSTCC-65 2020"]
[Site "Prague"]
[Date "2020.03.07"]
[Round "2.8"]
[White "Araya Umana, Carlos"]
[Black "Lederman, Leon"]
[Result "1-0"]
[WhiteElo "1914"]
[BlackElo "2234"]
[Annotator "TA"]
[PlyCount "76"]
[EventDate "2020.03.06"]
[EventType "team-tourn"]
[EventCountry "CZE"]
[SourceTitle "playchess.com"]
[Source "ChessBase"]
[SourceQuality "1"]

{[%evp 17,76,-9,-2,0,14,13,43,-18,23,16,27,2,65,-2,8,-21,-11,-38,-17,-75,-81,-105,-47,-57,-50,-52,-49,-60,-50,-53,-54,-102,-102,-124,-125,-127,-110,-118,-69,-143,-146,-163,-166,-177,-181,-188,-176,-189,-148,-218,-225,-229,-197,-236,-230,-212,-171,-213,-170,-933,-928]} 1. Nf3 d5 2. g3 Nf6 3. Bg2 c6 4. O-O Bf5 5. b3 h6 6. Bb2 e6 7. c4 Be7 8. d3 O-O 9. Nbd2 a5 10. Rc1 {A12: English Opening: 1...c6 with b3 by White.} a4 11. bxa4 Nbd7 {[#]} 12. Rb1 $146 (12. cxd5 $14 exd5 13. Bc3) ({Predecessor:} 12. cxd5 exd5 13. Nh4 Bh7 14. Nhf3 Qa5 15. Nb3 Qxa4 16. Ra1 Rfe8 17. e3 Bd6 18. d4 {1-0 (35) Gil,L (1836)-Autran,Y (1997) Bastia 2007}) 12... Qc7 13. Qc2 Nc5 14. Be5 Qa5 (14... Qd7 $11) 15. Nd4 ({Better is} 15. cxd5 $14 exd5 16. Nb3 Nxb3 17. axb3 (17. Qxb3 Bc8 $11)) 15... Bg4 16. N2b3 Nxb3 17. Nxb3 Qxa4 18. Rb2 (18. h3 $11 {remains equal.} Bh5 19. cxd5 Nxd5 20. Rfc1) 18... Nd7 $17 19. Bd4 Ba3 (19... e5 $17 20. Bc3 dxc4 21. dxc4 Nb6) 20. Rbb1 $15 e5 {...dxc4 is the strong threat.} 21. Bb2 dxc4 22. dxc4 Be6 $36 {[%mdl 2048] Black is pushing.} 23. Bxa3 Qxa3 24. Rb2 {[#]} Bxc4 $1 {[%mdl 512]} 25. Nc1 (25. Qxc4 Qxb2) 25... Ba6 26. Rd1 Nc5 27. Nb3 Ne6 (27... Na4 {is more complex.} 28. Rbb1 Rfd8 29. Be4 Qb4 30. Nd2 Qa5) 28. e3 (28. Bh3 $1 $15) 28... Rfd8 $17 {Hoping for ...Rxd1+.} 29. Rxd8+ Rxd8 ({Don't do} 29... Nxd8 30. Nc5 $17) 30. Nd2 Nc5 31. Bf1 Bxf1 32. Nxf1 Rd5 33. Qe2 (33. Nd2 $17 {was called for.}) 33... e4 $19 34. Rc2 Qd3 35. Rb2 Qxe2 36. Rxe2 Nd3 37. Rc2 Ne5 38. Nd2 $2 {[#]} (38. Kg2) 38... Rxd2 $1 {[%mdl 33344] Remove Defender. Accuracy: White = 46%, Black = 54%. . Loss on time!?} 1-0

[Event "WSTCC-65 2020"]
[Site "Prague"]
[Date "2020.03.07"]
[Round "2.9"]
[White "Franzen, Thomas"]
[Black "Boidman, Yuri"]
[Result "0-1"]
[WhiteElo "1987"]
[BlackElo "2335"]
[Annotator "TA"]
[PlyCount "78"]
[EventDate "2020.03.06"]
[EventType "team-tourn"]
[EventCountry "CZE"]
[SourceTitle "playchess.com"]
[Source "ChessBase"]
[SourceQuality "1"]

{[%evp 9,78,12,30,4,4,1,9,5,56,0,31,10,26,5,31,6,5,0,0,-283,-278,-304,-302,-299,-186,-404,-399,-419,-408,-408,-19,-6,45,64,46,60,54,51,41,0,93,70,70,80,62,54,68,66,75,58,75,0,65,0,0,0,133,59,79,-15,-7,-210,-66,-812,-443,-779,-751,-1547,-1343,-2331,-2232]} 1. e4 c5 2. Nf3 a6 3. g3 Nc6 4. Bg2 g6 5. d3 Bg7 6. Nbd2 {B28: Sicilian: 2 Nf3 a6 (O'Kelly Variation).} e6 7. O-O Nge7 8. Re1 {The position is equal.} O-O (8... d6 $11) 9. Nf1 (9. e5 $1 $14) 9... d5 {[#]} 10. c3 $146 ({Predecessor:} 10. e5 d4 11. h4 Qc7 12. Qe2 b5 13. N1h2 Bb7 14. g4 Rad8 15. Bf4 Nd5 16. Bg3 {1-0 (32) Carvalho,C (2015)-Alboredo,J (1791) Sao Jose dos Campos 2012}) 10... b5 11. Bf4 b4 12. Qd2 a5 13. Bh6 dxe4 14. Bxg7 $4 {[%mdl 8192]} (14. Rxe4 $11 {and White stays safe.} Bxh6 15. Qxh6) 14... exf3 $19 15. Bf6 fxg2 16. Ne3 {intending Ng4.} Re8 {...e5 is the strong threat.} 17. g4 $2 (17. Ng4 {was worth a try.}) 17... Qc7 18. Nf5 Nxf5 19. gxf5 {Qh6 would kill now.} Ne7 $2 (19... Qd6 $1 $19 20. Qh6 Qf8 21. Qxf8+ Rxf8) 20. Re5 $1 $40 {[%mdl 128] [#] White wants to mate with Qh6. Black needs to defend precisely.} Qxe5 $1 21. Bxe5 $14 Nxf5 22. Qg5 Bb7 23. Qf6 {[%csl Ge5][%cal Rf6h8][%mdl 1024] White has compensation.} Kf8 24. Re1 Rad8 (24... h5 $11) 25. Qh8+ $16 Ke7 26. Bf6+ $1 Kd6 27. Qxh7 Rd7 28. Qh3 Kc7 {[#]} 29. d4 $1 {[%mdl 512]} cxd4 30. cxd4 (30. cxb4 $16 d3 31. Be5+ Kb6 32. bxa5+ Ka7 33. a6 $1 {[%mdl 512]}) 30... Kb8 ({Don't blunder} 30... Nxd4 $2 31. Be5+ Rd6 32. Bxd6+ Kd7 33. Re3 $18) (30... Kb6 $1 $11) 31. Be5+ (31. a3 $14) 31... Ka7 32. a3 b3 {[#]} (32... g5 $11 33. Ra1 Nh4) 33. Qxb3 (33. Rc1 $1 $16 {[%cal Rc1c5] Black must now prevent Rc5.} Red8 34. Rc5 Nxd4 35. Rxa5+ Kb6 36. Bxd4+ Rxd4 37. Qxb3+ Kxa5 38. Qxb7 {[%mdl 64] Double Attack}) 33... Rc8 {[#] And now ...Nh4 would win.} 34. Qh3 (34. Bf6 $1 $16) 34... g5 {aiming for ...Bd5.} ({Don't go for} 34... Nxd4 $2 35. Qe3 $18) 35. Rd1 $2 (35. Bf6 $11) 35... Nh4 (35... Bd5 $19 36. a4 Rb7) 36. f3 $2 {[%mdl 8192]} (36. d5 $15) 36... Bxf3 {Black is clearly winning.} 37. Re1 (37. Ra1 $142 f5 38. d5 Bxd5 39. Bc3) 37... Bd5 $19 38. Kf2 Rc2+ {[%mdl 64] Double Attack} 39. Kg3 {[#]} Re2 $1 {[%mdl 512] Accuracy: White = 38%, Black = 59%.} 0-1

[Event "WSTCC-65 2020"]
[Site "Prague"]
[Date "2020.03.07"]
[Round "2.10"]
[White "Khanukov, Boris"]
[Black "Isaxon, Alf"]
[Result "1-0"]
[WhiteElo "2293"]
[BlackElo "1949"]
[Annotator "TA"]
[PlyCount "51"]
[EventDate "2020.03.06"]
[EventType "team-tourn"]
[EventCountry "CZE"]
[SourceTitle "playchess.com"]
[Source "ChessBase"]
[SourceQuality "1"]

{[%evp 18,51,51,56,61,72,65,42,97,88,91,75,203,189,197,195,194,191,225,183,215,95,282,253,871,859,862,858,843,0,0,0,821,810,865,839]} 1. d4 d5 2. c4 Nc6 3. Nf3 Bg4 4. cxd5 Bxf3 5. gxf3 Qxd5 6. e3 e5 7. Nc3 Bb4 8. Bd2 Bxc3 9. bxc3 Qd6 10. Qb3 Nf6 {D07: Queen's Gambit: Chigorin Defence.} 11. Bc1 exd4 {[#]} 12. cxd4 $146 {Black must now prevent Ba3.} ({Predecessor:} 12. Ba3 Qd7 13. h4 Na5 14. Qb4 Nc6 15. Qb5 dxe3 16. Rd1 exf2+ 17. Kxf2 Qxd1 18. Qxb7 {1-0 (44) May,A-Harding,T England 1985}) 12... O-O-O (12... O-O $14) 13. Rb1 $16 (13. Qxf7 $2 Ne5 $19) 13... b6 14. Ba3 ({Reject} 14. Qxf7 Ne5 $17) 14... Nxd4 (14... Qd5 $16 {was necessary.}) 15. Ba6+ $18 ({Resist} 15. exd4 $6 Rhe8+ 16. Be2 Qxd4 $16) 15... Kb8 16. exd4 Rhe8+ 17. Kf1 Qf4 18. h4 Rxd4 19. Qc3 (19. Rd1 $18 {and White stays clearly on top.}) 19... Rd2 $2 (19... Re6 $16 {keeps fighting.} 20. Bc1 Nd5 21. Bxf4 Nxc3) 20. Rb4 ({Worse is} 20. Qc6 Rxf2+ 21. Kxf2 Ne4+ 22. Qxe4 Rxe4 $17) 20... Rxf2+ $2 (20... Rd1+ 21. Kg2 Qd2) 21. Kxf2 Ng4+ 22. Kf1 {[#] Intending Qc6 and mate.} Ne3+ 23. Kf2 $2 ({Only move:} 23. Ke2 $18 Nc4+ 24. Kd1 Rd8+ 25. Kc2 Qd2+ 26. Qxd2 Rxd2+ 27. Kc3 Rxa2 28. Bxc4 Rxa3+ 29. Rb3) 23... Ng4+ $11 24. Kf1 {Threatening mate with Qc6.} Ne3+ 25. Ke2 {Qc6 would kill now.} Nd5+ {[#]} 26. Kf2 $1 {Accuracy: White = 79%, Black = 27%.} 1-0

[Event "WSTCC-65 2020"]
[Site "Prague"]
[Date "2020.03.07"]
[Round "2.11"]
[White "Johansson, Bjorn"]
[Black "Salov, Sergej"]
[Result "1/2-1/2"]
[WhiteElo "1949"]
[BlackElo "2135"]
[Annotator "TA"]
[PlyCount "32"]
[EventDate "2020.03.06"]
[EventType "team-tourn"]
[EventCountry "CZE"]
[SourceTitle "playchess.com"]
[Source "ChessBase"]
[SourceQuality "1"]

{[%evp 9,32,-2,-8,-13,2,-27,-29,-41,-56,-50,114,-21,-7,-21,-4,-8,0,0,0,0,12,6,3,-6,-6]} 1. c4 e5 2. Nc3 Nf6 3. g3 c6 4. Bg2 Bb4 5. a3 Bxc3 6. dxc3 {A23: English Opening: 1...e5 2 Nc3 Nf6 3 g3 c6.} O-O 7. e4 d6 8. Ne2 {Black has an edge.} Be6 9. b3 {[#]} d5 $146 {[#]} (9... Na6 $15) ({Predecessor:} 9... Na6 10. O-O Nc5 11. Qc2 a5 12. b4 Na6 13. Bg5 Bxc4 14. f4 Qb6+ 15. Kh1 Ng4 16. fxe5 {0-1 (21) Bozzali,E (2148)-Sanchez,J (2486) Imperia 2008}) 10. cxd5 (10. exd5 $16 cxd5 11. Bg5) 10... cxd5 $11 {The position is equal.} 11. exd5 Bxd5 12. Bxd5 Qxd5 13. Qxd5 Nxd5 14. c4 Ne7 15. Bb2 Nbc6 16. Bc3 Rad8 1/2-1/2

[Event "WSTCC-65 2020"]
[Site "Prague"]
[Date "2020.03.07"]
[Round "2.12"]
[White "Gruzmann, Boris"]
[Black "Johansson, Bertil"]
[Result "1-0"]
[WhiteElo "2206"]
[BlackElo "1876"]
[Annotator "TA"]
[PlyCount "57"]
[EventDate "2020.03.06"]
[EventType "team-tourn"]
[EventCountry "CZE"]
[SourceTitle "playchess.com"]
[Source "ChessBase"]
[SourceQuality "1"]

{[%evp 20,57,36,-1,18,0,16,0,38,44,149,126,174,169,251,271,279,264,416,229,203,217,232,225,217,197,261,185,186,173,164,159,164,137,191,160,795,800,1542,281]} 1. e4 c5 2. Nf3 e6 3. d4 cxd4 4. Nxd4 a6 5. Bd3 Qc7 6. Be3 Nc6 7. O-O Nf6 8. Nc3 Nxd4 9. Bxd4 Bc5 10. Bxc5 Qxc5 11. Kh1 d6 {B48: Sicilian: Taimanov: 5 Nc3 Qc7 6 Be3 a6 without Be2.} 12. f4 h5 13. a4 {[#]} b6 $146 {The position is equal.} ({Predecessor:} 13... h4 14. Qf3 Nh5 15. Ne2 Nf6 16. Nc3 Bd7 17. e5 Bc6 18. Be4 Nxe4 19. Nxe4 Bxe4 20. Qxe4 {0-1 (52) Mijatovic,A (1864)-Stitterich,N (1974) Oberhof 2010}) 14. Qe2 e5 {[#]} (14... Bb7 $14) 15. Nd5 $1 $16 Bg4 16. Qe1 Be6 (16... Nxd5 $142 17. exd5 f6) 17. b4 $18 Qc6 18. fxe5 Ng4 {[#]} (18... dxe5 $142 19. Nxf6+ gxf6 20. Bxa6 Bd7) 19. b5 (19. Bxa6 $142 $1 {[%mdl 512] Hoping for Bb5.} Rxa6 20. b5 {[%mdl 64] Double Attack}) 19... Qc5 20. bxa6 Nxe5 21. Bb5+ Kf8 22. Nf4 Bc4 (22... Kg8 {keeps fighting.} 23. Qh4 Qc7 24. Nxe6 fxe6) 23. Rf2 Rh6 24. Rb1 Rf6 25. Nh3 Rxf2 26. Qxf2 Ra7 (26... Be6 $16) 27. Qxc5 bxc5 $2 (27... dxc5 $16 28. a5 Bxb5) 28. Bxc4 Nxc4 29. Rb8+ {Black did not feel at home in the position after the opening. Accuracy: White = 77%, Black = 39%.} 1-0

[Event "WSTCC-65 2020"]
[Site "Prague"]
[Date "2020.03.07"]
[Round "2.13"]
[White "Waschk, Armin"]
[Black "Ackermann, Hans Werner"]
[Result "0-1"]
[WhiteElo "2165"]
[BlackElo "2242"]
[Annotator "TA"]
[PlyCount "172"]
[EventDate "2020.03.06"]
[EventType "team-tourn"]
[EventCountry "CZE"]
[SourceTitle "playchess.com"]
[Source "ChessBase"]
[SourceQuality "1"]

{[%evp 16,172,51,38,38,34,25,31,29,54,64,55,64,55,68,52,60,64,68,77,71,78,106,58,198,138,211,192,302,316,314,317,298,314,293,327,345,352,352,150,263,243,303,308,276,271,304,18,8,-11,-32,-26,-24,-29,-3,-25,-38,-108,-81,-97,-63,-67,-67,-73,-8,-8,-7,-15,0,0,0,0,0,-19,-9,-12,-8,-29,-22,-31,-36,-121,-11,-48,-8,-14,-24,-27,-28,-44,-14,-14,197,0,0,-288,0,0,0,0,0,-72,-45,-69,-8,-8,-8,-8,0,-34,-8,-8,-8,-8,-8,-8,-8,-8,-8,-8,-8,-8,-8,-8,-8,-8,-8,-8,-8,-468,-404,-5062,-2009,-11597,-5197,-5193,-4134,-29982,-29983,-29983,-29984,-29984,-29979,-29979,-29980,-29980,-29981,-29981,-29982,-29982,-29983,-29983,-29984,-29984,-29985,-29984,-29985,-29986,-29987]} 1. d4 Nf6 2. c4 d6 3. Nf3 Bg4 4. Nc3 c6 5. e4 Nbd7 6. Be2 e5 7. Be3 Be7 8. O-O O-O 9. Nd2 Bxe2 {A53: Old Indian Defence without Nf3.} 10. Qxe2 exd4 11. Bxd4 Re8 {White is slightly better.} 12. f4 Bf8 13. Qf3 {[#]} h6 $146 ({Predecessor:} 13... a6 14. g4 Nc5 15. Bxc5 {½-½ (15) Comas Fabrego,L (2513)-Galego,L (2501) Sant Lluis 2005}) 14. Rae1 Nh7 15. Ne2 Qa5 16. Bc3 Qb6+ 17. Kh1 Nc5 18. b3 Ne6 19. h4 c5 ({Black should try} 19... Qd8 $14) 20. Qf2 (20. g4 $18) 20... Be7 (20... Qd8 $16 {was worth a try.} 21. g4 b5) 21. g4 $1 $18 a5 (21... Bf6 $142 22. g5 Bxc3 23. Nxc3 Kh8 24. gxh6 gxh6) 22. g5 hxg5 23. hxg5 a4 {[#]} 24. b4 $1 {[%mdl 512]} Qc6 (24... cxb4 25. Qxb6) 25. b5 Qc8 26. Qg3 Nef8 27. Nf3 (27. Kg2 $18 {and White stays clearly on top.}) 27... Bd8 (27... Qe6 $16) 28. Neg1 Qe6 29. Nd2 Qg6 30. Ngf3 f6 {[%cal Rf6g5]} 31. Qh3 $2 (31. Nh4 $18 Qh5 32. g6) 31... fxg5 $11 32. f5 Qh6 33. Kg2 Qxh3+ 34. Kxh3 Bf6 35. e5 dxe5 36. Nxe5 (36. Ne4 $15) 36... Bxe5 37. Bxe5 Nd7 38. Bd6 Nhf6 39. Re6 {[#]} Nf8 (39... g6 $1 $17 {[%mdl 512]} 40. Be7 (40. fxg6 Rxe6) 40... Kf7 41. Bxf6 Nxf6) 40. Rxe8 Rxe8 41. Bxc5 Re2 42. Rf2 g4+ 43. Kg2 Re1 44. Bb4 N8d7 {With the idea ...Ne5.} 45. Rf1 Re5 46. Bd6 Re3 47. Bb4 b6 48. Rf4 ({Better is} 48. Rh1 $15) 48... Kf7 (48... Ne5 $17 49. c5 Nd3) 49. Kf2 Re8 50. Rd4 Re5 51. Rf4 g3+ 52. Kf1 Nh5 53. Rf3 Ndf6 $2 (53... Nc5 $11) 54. Bc3 $2 ({White has to play} 54. Bd6 $18 Re8 55. c5 (55. Bxg3 Nxg3+ 56. Rxg3 Ne4 $11) 55... bxc5 56. b6) 54... Re7 $1 55. Bd4 $2 {[%mdl 8192] [#]} (55. c5 $11 {and White is okay.}) 55... Rd7 $2 (55... Ng4 $1 $19 {[%cal Rg4h2] Strongly threatening ...Nh2+.} 56. Kg1 Re2) 56. Bc3 Ng4 {Threatens to win with ...Nh2+.} 57. Kg2 Re7 58. Nf1 (58. c5 $1 $11 {remains equal.}) 58... Re2+ $17 59. Kg1 Rxa2 (59... Nh2 $1 $15 60. Nxh2 gxh2+ 61. Kh1 Rxa2) 60. Nxg3 $11 Nxg3 61. Rxg3 $15 {[%mdl 4096] Endgame KRB-KRN} Nf6 62. Re3 Ra3 63. Bd4 Rxe3 64. Bxe3 $11 {KB-KN} Nd7 {...Kf6 is the strong threat.} 65. Bd4 $1 a3 66. Kf2 a2 67. Ke3 Nc5 {aiming for ...Nb3.} 68. Kf4 Nb3 69. Bc3 Na5 {[#]} 70. c5 $1 {[%mdl 512]} bxc5 71. Ke4 Nc4 {And now ...Nd6+ would win.} 72. Kd5 $2 {[%mdl 8192]} (72. Kd3 $11 Nb6 73. Ba1) 72... Nb6+ $19 73. Kc6 (73. Ke5 $142 c4 74. Ba1) 73... Na4 74. Ba1 c4 75. b6 c3 {( -> ...c2)} 76. Bxc3 Nxc3 {KN-KPP. Black mates.} 77. b7 a1=Q 78. b8=Q Qa6+ 79. Kc5 {[#]} Qb5+ $1 {[%mdl 512]} 80. Qxb5 Nxb5 81. Kxb5 {KP-KP} Kf6 82. Kc4 Kxf5 83. Kd3 Kf4 84. Ke2 Kg3 85. Kf1 g5 86. Kg1 g4 {Black used his chance. Accuracy: White = 64%, Black = 70%.} 0-1

[Event "WSTCC-65 2020"]
[Site "Prague"]
[Date "2020.03.07"]
[Round "2.14"]
[White "Baum, Bernd"]
[Black "Luethke, Hans-Eckart"]
[Result "1/2-1/2"]
[WhiteElo "2249"]
[BlackElo "2091"]
[Annotator "TA"]
[PlyCount "80"]
[EventDate "2020.03.06"]
[EventType "team-tourn"]
[EventCountry "CZE"]
[SourceTitle "playchess.com"]
[Source "ChessBase"]
[SourceQuality "1"]

{[%evp 17,80,17,15,0,0,-7,-8,-7,0,7,0,-14,6,8,7,-31,-25,-18,-28,-29,-12,-12,-8,-41,-36,-79,-79,-80,-77,-120,-117,-247,-262,-247,-242,-266,-265,-346,-337,-327,-337,-337,-337,-331,-331,-337,-283,-320,-320,-297,-196,-444,-404,-504,-465,-739,-723,-854,-853,-772,-720,-7587,-7238,-6420,-6340]} 1. Nf3 c5 2. g3 Nc6 3. Bg2 Nf6 4. O-O e6 5. c4 d5 6. d4 dxc4 7. Qa4 Bd7 8. Qxc4 cxd4 9. Nxd4 Rc8 10. Nxc6 {E04: Open Catalan: 5 Nf3.} Bxc6 11. Bxc6+ Rxc6 12. Qb3 {The position is equal.} Qb6 13. Qxb6 Rxb6 14. Nc3 Be7 {[#]} 15. Be3 $146 ({Predecessor:} 15. b3 O-O 16. Bb2 Rc8 17. Rfc1 Rbc6 18. Nd1 Nd5 19. Rxc6 Rxc6 20. Rc1 Rxc1 21. Bxc1 {½-½ (30) Paschall,W (2379)-Kosic,D (2454) Budapest 2017}) 15... Rxb2 16. Rab1 Rxb1 17. Rxb1 b6 18. Nb5 Nd5 19. Bd4 a6 20. e4 Nb4 21. Nc7+ Kd7 22. Bxb6 Rb8 23. Ba5 Nc6 24. Rd1+ {This move loses the game for White.} (24. Rxb8 $17 Nxb8 25. Na8) 24... Kc8 $19 25. Rc1 Kb7 26. Nxa6 Kxa6 ({Not} 26... Nxa5 27. Nxb8 Kxb8 28. f4 $11) 27. Bc7 Rc8 28. Rxc6+ {[%mdl 4096] Endgame KRB-KRB} Kb7 {[%mdl 64] [#] Double Attack} 29. Bd6 {Threatens to win with Rxc8.} Rxc6 ({Don't play} 29... Kxc6 30. Bxe7 Kd7 31. Bb4 $19) 30. Bxe7 {KR-KB} Rc4 31. e5 Re4 32. Bd6 Kc6 33. Kf1 f6 34. f4 $2 {[#]} (34. Bf8) 34... Rc4 35. a3 Rc2 {Black is clearly winning.} 36. h4 (36. Bf8 $142 fxe5 37. Kg1) 36... f5 37. Bf8 g6 38. Bb4 Ra2 39. Kg1 Kd5 40. Kf1 Ke4 {[%mdl 32768] Accuracy: White = 46%, Black = 92%. . An unexpected result.} 1/2-1/2

[Event "WSTCC-65 2020"]
[Site "Prague"]
[Date "2020.03.07"]
[Round "2.15"]
[White "Schulz, Michael"]
[Black "Kierzek, Matthias"]
[Result "0-1"]
[WhiteElo "2122"]
[BlackElo "2217"]
[Annotator "TA"]
[PlyCount "90"]
[EventDate "2020.03.06"]
[EventType "team-tourn"]
[EventCountry "CZE"]
[SourceTitle "playchess.com"]
[Source "ChessBase"]
[SourceQuality "1"]

{[%evp 9,90,0,15,16,15,15,16,11,28,28,30,0,7,9,17,11,2,5,4,0,0,0,0,7,25,13,47,45,56,60,78,0,0,0,29,0,70,64,80,78,70,28,55,55,54,67,98,90,91,-97,-98,-87,-83,-125,-68,-79,-83,-129,-121,-153,-158,-150,-151,-158,-150,-203,-93,-91,-108,-335,-315,-265,-186,-895,-833,-29970,-29971,-29975,-29976,-29976,-29977,-29975,-29969]} 1. d4 d5 2. Bf4 Nf6 3. e3 c5 4. c3 Nc6 5. Nd2 cxd4 6. exd4 {D00: 1 d4 d5: Unusual lines.} Bf5 7. Qb3 Qc8 8. Ngf3 {The position is equal.} e6 9. Nh4 Be4 10. f3 Bg6 $1 11. g4 Be7 12. Bg3 a6 {[#]} 13. Be2 $146 ({Predecessor:} 13. a4 Nd7 14. Nxg6 hxg6 15. Bd3 Bh4 16. Kf2 Bf6 17. h4 b6 18. Rae1 Kf8 19. Qc2 {½-½ (37) Bermundo,L (1890)-Mendoza,S (2193) Manila 2016}) 13... Qd7 14. Nxg6 hxg6 15. O-O-O b5 16. Kb1 Bd6 17. Qc2 Qc7 18. Nb3 Bxg3 19. hxg3 Ke7 20. Rxh8 (20. f4 $16) 20... Rxh8 $11 21. Nc5 Qb6 22. Bd3 a5 ({Better is} 22... Nd7 $11) 23. Bxg6 $14 b4 $1 {[%cal Rb4c3] Black wants to play ...bxc3.} 24. g5 Ne8 25. Na4 Qc7 26. Bd3 Qxg3 27. cxb4 Nxb4 28. Qc5+ Qd6 29. Qa7+ $2 (29. Qxa5 $16 {stays on course. Black must now prevent Bb5.} Nxd3 30. Rxd3) 29... Qc7 $17 30. Qc5+ Qxc5 31. Nxc5 {[#]} Nxd3 ({Black should play} 31... Nd6 $1 $17 32. g6 Nc6 33. gxf7 Nxd4) 32. Nxd3 {[%mdl 4096] Endgame KRN-KRN} Nd6 33. Rc1 Nb5 34. a4 Nxd4 35. Rc7+ Kd6 36. Rxf7 Rh3 37. b4 (37. Rxg7 $17 {was necessary.} Rxf3 38. Nc1) 37... Rxf3 (37... axb4 $19 {and Black stays clearly on top.} 38. a5 Rxf3 39. Rxf3 Nxf3) 38. Rxf3 Nxf3 $19 {KN-KN} 39. g6 $2 {[#] This move loses the game for White.} (39. bxa5 $17 {was the only chance.} Nxg5 40. Kc2) 39... axb4 40. a5 Kc6 {And now ...Kb5 would win.} 41. Nf4 $2 (41. Nxb4+ Kb5 42. a6) 41... e5 42. Ne6 e4 {Black mates.} 43. a6 e3 44. Nf4 d4 45. Kc2 Ne5 {Accuracy: White = 63%, Black = 76%.} 0-1

[Event "WSTCC-65 2020"]
[Site "Prague"]
[Date "2020.03.07"]
[Round "2.16"]
[White "Herbrechtsmeier, Christof"]
[Black "Sager, Bernd"]
[Result "1-0"]
[WhiteElo "2177"]
[BlackElo "1920"]
[Annotator "TA"]
[PlyCount "63"]
[EventDate "2020.03.06"]
[EventType "team-tourn"]
[EventCountry "CZE"]
[SourceTitle "playchess.com"]
[Source "ChessBase"]
[SourceQuality "1"]

{[%evp 15,63,21,26,28,43,20,54,43,55,62,60,51,91,92,87,92,91,66,76,91,168,165,225,173,270,283,255,277,278,186,308,282,314,323,381,399,395,389,381,308,296,306,417,393,469,407,455,434,410,396]} 1. e4 c5 2. Nf3 e6 3. d4 cxd4 4. Nxd4 a6 5. Nc3 Qc7 6. Be2 Nc6 7. O-O Be7 8. Be3 Nf6 9. f4 {B49: Sicilian: Taimanov: 5 Nc3 Qc7 6 Be3 a6 7 Be2.} d5 10. e5 {[#] Black must now prevent Nxc6.} Ne4 {[#]} 11. Nxe4 $146 {White is slightly better.} ({Predecessor:} 11. Bd3 f5 12. exf6 Nxf6 13. Kh1 O-O 14. Qf3 Bd6 15. Rae1 Nb4 16. Be2 e5 17. fxe5 Bxe5 {1-0 (36) Tal,M-Wade,R Havana 1963}) 11... dxe4 12. c3 O-O 13. Qe1 Rd8 14. Nb3 $36 {[%mdl 2048] Black is under strong pressure.} b5 15. Qf2 Rb8 16. Rfd1 Rxd1+ 17. Rxd1 Bf8 (17... Bb7 $16 {was called for.}) 18. Bc5 $18 Be7 (18... Bb7 $142 19. Bd6 {[%mdl 64] Skewer} Bxd6 20. exd6 Qc8) 19. Qe3 b4 (19... Bb7 $142 20. Kf2 (20. Qxe4 Na5 $16) 20... Bxc5 21. Nxc5 Rd8 22. Qxe4 Rxd1 23. Bxd1 h6) 20. Bd6 ({Less strong is} 20. Qxe4 bxc3 21. bxc3 Rxb3 $16) 20... Bxd6 21. exd6 ({But not} 21. Rxd6 $6 bxc3 22. Qxc3 Bd7 $16) 21... Qd8 22. Qxe4 Bb7 (22... Qb6+ $142 23. Kf1 bxc3) 23. Qe3 a5 24. c4 a4 25. Nc5 Qb6 26. Kf2 Nd8 27. Nd7 Qxe3+ 28. Kxe3 Rc8 29. g3 Bc6 30. Ne5 f6 31. Nxc6 Rxc6 32. b3 {White took control after the opening. Accuracy: White = 81%, Black = 37%.} 1-0